| 000 | nam a22 a 4500 | ||
|---|---|---|---|
| 999 |
_c1756 _d1756 |
||
| 003 | AKMAL | ||
| 005 | 20170511151608.0 | ||
| 008 | 170511s1996 my 00 eng d | ||
| 020 |
_a9679785599: _cRM 150.00 |
||
| 040 |
_aAKMAL _cAKMAL |
||
| 082 | 0 | 4 | _a336.209595 JEY |
| 090 |
_a336.209595 _bJEY |
||
| 100 |
_aJeyapalan K. _q(Jeyapalan Kasipillai) _93591 |
||
| 245 | 1 | 0 |
_aMalaysian taxation : _badministration,investigation & compliance / _cJeyapalan Kasipillai, Bala Shanmugam |
| 260 |
_aPetaling Jaya : _bPelanduk Publications, _c1996 |
||
| 300 |
_a215p. : _bill. ; _c23cm |
||
| 500 | _aIncludes index | ||
| 650 |
_aTaxation _zMalaysia _9179 |
||
| 650 |
_aTaxation _xLaw and legislation _zMalaysia _9204 |
||
| 650 |
_aTax administration procedure _zMalaysia _93623 |
||
| 650 |
_aTax evasion _zMalaysia _93624 |
||
| 700 | 0 |
_aBala Shanmugam _93625 |
|
| 942 |
_2ddc _cBOOK |
||